[Event "Tata Steel India Rapid"]
[Site "Kolkata IND"]
[Date "2022.12.01"]
[Round "7.5"]
[White "Mamedyarov, Shakhriyar"]
[Black "Nihal, Sarin"]
[Result "0-1"]
[WhiteTitle "GM"]
[BlackTitle "GM"]
[WhiteElo "2741"]
[BlackElo "2670"]
[WhiteFideId "13401319"]
[BlackFideId "25092340"]
[EventDate "2022.11.29"]

1. d4 d5 2. c4 dxc4 3. Nf3 Nf6 4. e3 e6 5. Bxc4 c5 6. O-O a6 7. b3 Nbd7 8. Bb2
Be7 9. Nbd2 b6 10. e4 Bb7 11. e5 Nd5 12. Re1 O-O 13. Ne4 b5 14. Bd3 Rc8 15. Rc1
cxd4 16. Rxc8 Qxc8 17. Bxd4 Qc7 18. Bb1 Rd8 19. g3 h6 20. Qe2 Nf8 21. Rd1 Rd7
22. h4 Qd8 23. Rd2 Bb4 24. Rc2 Ne7 25. a3 Bxa3 26. Rd2 Bb4 27. Rd3 Nf5 28. Bb2
Rxd3 29. Bxd3 Qd5 30. Bc2 Nd7 31. g4 Nc5 32. gxf5 Nxe4 33. fxe6 Nd2 34. exf7+
Kf8 0-1

[Event "Tata Steel India Rapid"]
[Site "Kolkata IND"]
[Date "2022.12.01"]
[Round "8.2"]
[White "Nihal, Sarin"]
[Black "Maghsoodloo, Parham"]
[Result "1-0"]
[WhiteTitle "GM"]
[BlackTitle "GM"]
[WhiteElo "2670"]
[BlackElo "2720"]
[WhiteFideId "25092340"]
[BlackFideId "12539929"]
[EventDate "2022.11.29"]

1. d4 e6 2. Nf3 f5 3. Bf4 Nf6 4. e3 b6 5. Be2 Bb7 6. h3 Nc6 7. Bh2 Ne7 8. c4 Ng6
9. O-O Bd6 10. Bxd6 cxd6 11. Nc3 d5 12. Rc1 O-O 13. cxd5 Nxd5 14. Nxd5 Bxd5 15.
Bc4 Ne7 16. Bxd5 Nxd5 17. Ne5 d6 18. Nd3 Qd7 19. Qd2 a5 20. Rc2 Rfc8 21. Rfc1
Ne7 22. Kf1 Rxc2 23. Rxc2 Rc8 24. Qc1 Rxc2 25. Qxc2 h6 26. Ke2 g5 27. f3 Kf7 28.
Kd2 Kg7 29. Qb3 b5 30. Qc3 Qa7 31. Qb3 Qd7 32. Qc3 b4 33. Qc4 Nd5 34. e4 Nf6 35.
e5 dxe5 36. Nxe5 Qd6 37. Qc5 Qxc5 38. dxc5 Nd5 39. Nc4 a4 40. Nb6 Kf6 41. Nxd5+
exd5 42. Kd3 Ke5 43. g3 f4 44. g4 b3 45. axb3 axb3 46. Kc3 d4+ 47. Kxb3 Kd5 48.
c6 Kxc6 49. Kc4 d3 50. Kxd3 Kc5 51. Kc3 Kb5 52. b4 Kb6 53. Kc4 Kc6 54. b5+ Kb6
55. Kb4 Kb7 56. Kc5 Kc7 57. b6+ Kb7 58. Kb5 Kb8 59. Kc6 Kc8 60. b7+ Kb8 61. Kb6 1-0

[Event "Tata Steel India Rapid"]
[Site "Kolkata IND"]
[Date "2022.12.01"]
[Round "8.3"]
[White "Abdusattorov, Nodirbek"]
[Black "Mamedyarov, Shakhriyar"]
[Result "1/2-1/2"]
[WhiteTitle "GM"]
[BlackTitle "GM"]
[WhiteElo "2713"]
[BlackElo "2741"]
[WhiteFideId "14204118"]
[BlackFideId "13401319"]
[EventDate "2022.11.29"]

1. e4 e5 2. Nf3 Nc6 3. Bc4 Nf6 4. d3 Bc5 5. Nc3 h6 6. O-O O-O 7. h3 Re8 8. Be3
Bb6 9. a3 d6 10. Re1 Be6 11. Bxe6 Rxe6 12. Bxb6 axb6 13. d4 exd4 14. Nxd4 Nxd4
15. Qxd4 Qd7 16. Re3 Rae8 17. Rae1 Qc6 18. a4 Qc5 19. Qd3 c6 20. Kf1 h5 21. g3
h4 22. g4 Qe5 23. Kg1 Nd7 24. Qd2 Qf6 25. Qe2 Ne5 26. b3 g5 27. Rd1 Qf4 28. Kg2
Rf6 29. Nb1 Ng6 30. Nd2 Qe5 31. Kg1 Nf4 32. Qf1 Qc5 33. Qc4 d5 34. Qxc5 bxc5 35.
exd5 Rxe3 36. fxe3 Nxh3+ 37. Kg2 Nf2 38. Rf1 h3+ 39. Kg3 Ne4+ 40. Kh2 Rxf1 41.
Nxf1 cxd5 42. Ng3 Nf2 43. Nf5 Kf8 44. Nd6 b6 45. Nc8 Nxg4+ 46. Kxh3 Nxe3 47.
Nxb6 Nxc2 48. Nxd5 Ke8 49. Kg4 Kd7 50. a5 Kc6 51. a6 Nd4 52. b4 c4 53. Ne3 c3
54. Kxg5 1/2-1/2

[Event "Tata Steel India Rapid"]
[Site "Kolkata IND"]
[Date "2022.12.01"]
[Round "8.4"]
[White "Gukesh, D"]
[Black "Sethuraman, S.P."]
[Result "1-0"]
[WhiteTitle "GM"]
[BlackTitle "GM"]
[WhiteElo "2725"]
[BlackElo "2643"]
[WhiteFideId "46616543"]
[BlackFideId "5021596"]
[EventDate "2022.11.29"]

1. c4 c6 2. Nf3 d5 3. g3 g6 4. Bg2 Bg7 5. O-O Nf6 6. b3 Ne4 7. d4 O-O 8. Bb2 Bf5
9. Nh4 Be6 10. Qc2 Nf6 11. Nd2 a5 12. e4 dxe4 13. Nxe4 Nxe4 14. Bxe4 Nd7 15.
Rfe1 Nf6 16. Bg2 a4 17. Bc3 axb3 18. axb3 Rxa1 19. Rxa1 Qc8 20. Qe2 Re8 21. Nf3
Bh3 22. Bh1 Bg4 23. Qe3 Bxf3 24. Bxf3 e5 25. dxe5 Nd7 26. Bg2 Nxe5 27. Re1 Re6
28. Qd2 Qd7 29. f4 Qxd2 30. Bxd2 Nd3 31. Rxe6 fxe6 32. Kf1 Nc5 33. b4 Nb3 34.
Be1 Nd4 35. Bf2 Kf7 36. Be4 e5 37. fxe5 Bxe5 38. Ke1 Ke7 39. Kd2 Ne6 40. Kd3 Kd7
41. Be3 Bd6 42. c5 Be5 43. Kc4 Nc7 44. Bf2 Nb5 45. Bg2 Na3+ 46. Kd3 Nb5 47. h4
Bc3 48. Kc4 Bd2 49. g4 Na3+ 50. Kb3 Nb5 51. g5 Ke7 52. Bh3 h6 53. gxh6 Bxh6 54.
Bc8 Kd8 55. Bxb7 Kc7 56. Ba6 Bf4 57. Kc4 Na3+ 58. Kd3 Kd7 59. Be1 Nb5 60. Bxb5
cxb5 61. Ke4 Bh2 62. Kd5 Kc7 63. Ke6 Bf4 64. Kf6 1-0

[Event "Tata Steel India Rapid"]
[Site "Kolkata IND"]
[Date "2022.12.01"]
[Round "8.5"]
[White "Vidit, Santosh Gujrathi"]
[Black "So, Wesley"]
[Result "1/2-1/2"]
[WhiteTitle "GM"]
[BlackTitle "GM"]
[WhiteElo "2724"]
[BlackElo "2760"]
[WhiteFideId "5029465"]
[BlackFideId "5202213"]
[EventDate "2022.11.29"]

1. e4 e5 2. Nf3 Nc6 3. Bc4 Bc5 4. b4 Bxb4 5. c3 Ba5 6. d4 d6 7. Qb3 Qd7 8. O-O
Bb6 9. Nbd2 Na5 10. Qc2 Nxc4 11. Nxc4 Qc6 12. Nxb6 axb6 13. dxe5 dxe5 14. Nxe5
Qa4 15. Qd3 Ne7 16. Qg3 O-O 17. Re1 Be6 18. h4 Kh8 19. h5 h6 20. Bf4 Ra5 21.
Rad1 Qxa2 22. Nf3 Rxh5 23. Bxc7 Ng6 24. Bxb6 Kh7 25. Bd4 Re8 26. Ra1 Qc4 27. Ra7
Qc6 28. Raa1 Bd7 29. Nd2 Rg5 30. Qh2 f5 31. Ra5 b5 32. Ra7 fxe4 33. Qc7 Nf8 34.
Qxc6 Bxc6 35. Be3 Rd5 36. Rc7 Bd7 37. Ra1 Ne6 38. Rb7 Rd3 39. Raa7 Bc6 40. Re7
Rxe7 41. Rxe7 Bd5 42. Nxe4 Kg6 43. Nd6 Rxc3 44. Nxb5 Rb3 45. Nd4 Nxd4 46. Bxd4
Rb7 47. Rxb7 Bxb7 1/2-1/2

[Event "Tata Steel India Rapid"]
[Site "Kolkata IND"]
[Date "2022.12.01"]
[Round "9.1"]
[White "So, Wesley"]
[Black "Gukesh, D"]
[Result "1-0"]
[WhiteTitle "GM"]
[BlackTitle "GM"]
[WhiteElo "2760"]
[BlackElo "2725"]
[WhiteFideId "5202213"]
[BlackFideId "46616543"]
[EventDate "2022.11.29"]

1. d4 Nf6 2. c4 e6 3. Nc3 Bb4 4. Nf3 d5 5. Qa4+ Nc6 6. e3 O-O 7. Bd2 Re8 8. a3
Bf8 9. Rd1 h6 10. h3 dxc4 11. Bxc4 e5 12. Qb3 Qd7 13. Nxe5 Nxe5 14. dxe5 Rxe5
15. Ne2 b5 16. Bd3 Qc6 17. Bc3 Rg5 18. Nf4 Nh5 19. Qc2 Bb7 20. f3 Re8 21. O-O
Rxe3 22. h4 Qc5 23. Bh7+ Kh8 24. Bd4 Qxc2 25. Bxc2 Nxf4 26. hxg5 Re6 27. Bxa7
Bd6 28. Rfe1 hxg5 29. Bb3 Rf6 30. Bd4 Rh6 31. Bxf7 g4 32. fxg4 Bxg2 33. g5 Rh3
34. Re8+ Kh7 35. g6+ Kh6 36. Rh8+ Kg5 37. Rxh3 Bxh3 38. Bxg7 Bg4 39. Bc3 Bh5 40.
Bd2 Bxg6 41. Bxf4+ Bxf4 42. Rd5+ Kh6 43. Bxg6 c6 44. Rf5 Be3+ 45. Kf1 Kxg6 46.
Rf3 Bc1 47. b4 Bb2 48. Ke2 Bd4 49. Kd3 c5 50. Ke4 Kg5 51. bxc5 1-0

[Event "Tata Steel India Rapid"]
[Site "Kolkata IND"]
[Date "2022.12.01"]
[Round "9.3"]
[White "Mamedyarov, Shakhriyar"]
[Black "Vidit, Santosh Gujrathi"]
[Result "1/2-1/2"]
[WhiteTitle "GM"]
[BlackTitle "GM"]
[WhiteElo "2741"]
[BlackElo "2724"]
[WhiteFideId "13401319"]
[BlackFideId "5029465"]
[EventDate "2022.11.29"]

1. d4 Nf6 2. c4 e6 3. Nf3 d5 4. Nc3 c5 5. cxd5 cxd4 6. Qa4+ Bd7 7. Qxd4 exd5 8.
Nxd5 Nxd5 9. Qxd5 Nc6 10. e3 Bb4+ 11. Bd2 Qe7 12. a3 Bxd2+ 13. Qxd2 O-O-O 14.
Qc3 Kb8 15. Be2 g5 16. O-O g4 17. Nd4 Ne5 18. Rac1 Rc8 19. Qa5 h5 20. Bb5 b6 21.
Qa4 Bxb5 22. Qxb5 h4 23. Qd5 h3 24. Rfd1 Qf6 25. g3 Nd3 26. Rxc8+ Rxc8 27. Nf5
Rd8 28. Qe4 Qxb2 29. Rf1 Ne5 30. Nd4 f6 31. Qh7 Rc8 32. a4 Rc1 33. Qg8+ Kb7 34.
Qd5+ Kb8 35. Qg8+ Kb7 36. Qd5+ Kb8 1/2-1/2

[Event "Tata Steel India Rapid"]
[Site "Kolkata IND"]
[Date "2022.12.01"]
[Round "9.5"]
[White "Maghsoodloo, Parham"]
[Black "Abdusattorov, Nodirbek"]
[Result "1/2-1/2"]
[WhiteTitle "GM"]
[BlackTitle "GM"]
[WhiteElo "2720"]
[BlackElo "2713"]
[WhiteFideId "12539929"]
[BlackFideId "14204118"]
[EventDate "2022.11.29"]

1. e4 e5 2. Nf3 Nc6 3. Bb5 a6 4. Ba4 Nf6 5. O-O Be7 6. Re1 b5 7. Bb3 d6 8. c3
O-O 9. h3 Na5 10. Bc2 c5 11. d3 Re8 12. Nbd2 Bf8 13. Nf1 Nc6 14. Ng3 h6 15. Nh2
Be6 16. Qf3 g6 17. h4 d5 18. exd5 Bxd5 19. Ne4 Bg7 20. Qe3 Nd7 21. Qh3 Be6 22.
Qg3 Ne7 23. Nf3 Nf5 24. Qh2 h5 25. Bb3 Bxb3 26. axb3 Qb6 27. Qh3 Nf6 28. Nxf6+
Bxf6 29. g4 hxg4 30. Qxg4 Ng7 31. Bg5 Nh5 32. Bxf6 Qxf6 33. Re3 Re6 34. Rae1
Rae8 35. Qg5 Nf4 36. Kh2 Nd5 37. Qxf6 Rxf6 38. Rxe5 Rxe5 39. Rxe5 Rxf3 40. Rxd5
Rxf2+ 41. Kg3 Rxb2 42. Rxc5 Rxb3 43. Kf4 b4 44. cxb4 Rxb4+ 45. Ke5 Rxh4 46. d4
Kg7 47. d5 Rh5+ 48. Kd6 g5 49. Rc1 g4 50. Kc6 f5 51. d6 g3 52. d7 Rh8 53. Rh1
Rd8 54. Rh3 f4 55. Rh4 Kg6 56. Rxf4 Kg5 57. Rf7 Kg4 58. Kc7 1/2-1/2